Flagi państw świata w 1914 roku! - Statystyki

Ogólne statystyki
  • Ten quiz został rozwiązany 739 razy
  • Średni wynik to 38 z 57
Statystyki odpowiedzi
Obrazkowy Odpowiedź % Poprawnych
Belgia
98%
Bułgaria
95%
Dania
88%
Holandia
85%
Francja
84%
Monako
84%
Norwegia
84%
Albania
83%
Rosja
83%
Portugalia
82%
San Marino
82%
Hiszpania
81%
Luksemburg
80%
Nepal
80%
Szwajcaria
80%
Szwecja
80%
Chiny
79%
Japonia
79%
Rumunia
79%
Wielka Brytania
79%
Włochy
79%
Austro-Węgry
76%
III Rzesza (Niemcy)
75%
Argentyna
74%
Brazylia
74%
Meksyk
74%
Stany Zjednoczone
74%
Chile
73%
Kolumbia
72%
Kuba
72%
Peru
72%
Panama
70%
Urugwaj
70%
Ekwador
69%
Liberia
69%
Wenezuela
68%
Dominikana
67%
Kostaryka
66%
Paragwaj
66%
Boliwia
64%
Gwatemala
62%
Honduras
62%
Grecja
61%
Imperium Osmańskie
61%
Nikaragua
60%
Liechtenstein
57%
Etiopia
53%
Serbia
53%
Andora
44%
Kanada
44%
Czarnogóra
35%
Persja
35%
Syjam
26%
Republika Południowej Afryki
15%
Haiti
11%
Salwador
11%
Nowa Funlandia
4%
Nie znaleziono quizów pasujących do podanych kryteriów
Rozkład punktacji
Procent ludzi z każdym wynikiem
Percentyl według liczby udzielonych odpowiedzi
Twoja historia wyników
Nie rozwiązałeś tego quizu